| 000 | 00426nam a2200157Ia 4500 | ||
|---|---|---|---|
| 008 | 240729s9999 xx 000 0 und d | ||
| 022 | _a1475-9276 | ||
| 245 | 0 | _aInternational Journal for Equity in Health | |
| 260 | _aUnited Kingdom | ||
| 260 | _bBMC | ||
| 650 | _a Public aspects of medicine | ||
| 650 | _aMedicine | ||
| 856 | _uhttps://doaj.org/toc/c64c9b01738f4e0f897d642f8f6763cf | ||
| 942 | _2ddc | ||
| 942 | _cDOAJEJ | ||
| 999 |
_c74395 _d74395 |
||
| 945 |
_a1 _bMadushi Gamage _c1 _dMadushi Gamage |
||